Propuestas para los censos nacionales de 1983
Guardado en:
| Autor Corporativo: | |
|---|---|
| Formato: | Texto |
| Publicado: |
San José :
|
| Etiquetas: |
Agregar Etiqueta
Sin Etiquetas, Sea el primero en etiquetar este registro!
|
MARC
| LEADER | 00000 a a2200000 04500 | ||
|---|---|---|---|
| 001 | 15118 | ||
| 003 | |||
| 040 | |||
| 090 | |a EXTRAVIADO | ||
| 110 | |a Costa Rica. Oficina de Planificación Nacional y Política Económica | ||
| 245 | |a Propuestas para los censos nacionales de 1983 | ||
| 260 | |a San José : | ||
| 300 | |a 2 p. | ||
| 999 | |c 11715 |d 11715 | ||
